00378nam a2200157Ia 45000010006000000050017000060080041000230410008000640820015000721000033000872450043001202600009001633000032001726500008002046540008002121553820260306170203.0260306t2016||||xx |||||||||||||| ||und|| aESP a542.1bT74 aTorres Cartas, SagrarioeAUT 0aQuímica:bprácticas de laboratorio c2016 aix, 170 páginas :c24 cm. aGEN aCCN